000 00565nam a2200193Ia 4500
008 151119s9999||||xx |||||||||||||| ||und||
082 _a920.054
082 _bGKKV6414
100 _aपोखरकर प्रशांत
245 _aपराभूत माणसं
260 _a--
260 _b--
260 _c1991
600 _aपोखरकर प्रशांत
630 _aपराभूत माणसं
700 _aपोखरकर प्रशांत
730 _aपराभूत माणसं
942 _cBOOK
999 _c1061271
_d1061268